Statistics for American Groups of Five

Click here to take the quiz!

General Stats

  • This quiz has been taken 2,151 times
    (2,135 since last reset)
  • The average score is 42 of 74

Answer Stats

GroupMember% Correct
Most Popular SportsBaseball
97%
Most Popular SportsFootball
97%
Most Popular SportsBasketball
96%
Largest Cities in CaliforniaLos Angeles
94%
The Jackson FiveMichael
93%
Biggest Cities in the Bay Area, Largest Cities in CaliforniaSan Francisco
93%
Cities Which Once Had US Tallest BuildingNew York City
91%
Gulf StatesFlorida
88%
Most Popular SportsIce Hockey
88%
The Great LakesErie
87%
The Great LakesMichigan
87%
US Military BranchesNavy
87%
Gulf StatesTexas
87%
US Military BranchesArmy
84%
Most Popular SportsSoccer
84%
Gulf StatesLouisiana
83%
NYC BoroughsManhattan
83%
The Great LakesSuperior
83%
US Military BranchesAir Force
82%
Gulf StatesAlabama
82%
Cities Which Once Had US Tallest BuildingChicago
82%
Largest Cities in CaliforniaSan Diego
82%
NYC BoroughsThe Bronx
82%
NYC BoroughsBrooklyn
81%
US Military BranchesMarines
80%
Gulf StatesMississippi
80%
NYC BoroughsQueens
80%
The Great LakesHuron
78%
The Great LakesOntario
77%
US Presidents During Vietnam WarRichard Nixon
73%
US Presidents During Vietnam WarJohn F. Kennedy
71%
Current Legacy Air LinesAmerican Airlines
70%
NYC BoroughsStaten Island
69%
Highest Grossing MoviesTitanic
69%
US Military BranchesCoast Guard
67%
Current Legacy Air LinesDelta Air Lines
66%
Basketball PositiionsCenter
63%
US Presidents During Vietnam WarLyndon B. Johnson
63%
NSYNC MembersJustin Timberlake
60%
Biggest Cities in the Bay AreaOakland
59%
Largest Cities in CaliforniaSan Jose
57%
Biggest Cities in the Bay AreaSan Jose
57%
The Jackson FiveTito
57%
Basketball PositiionsPoint Guard
56%
US Presidents During Vietnam WarDwight D. Eisenhower
55%
US Presidents During Vietnam WarHarry S. Truman
52%
Current Legacy Air LinesUnited Airlines
52%
Cities Which Once Had US Tallest BuildingBoston
49%
Space Shuttles That Flew in SpaceChallenger
48%
The Jackson FiveJermaine
48%
Cities Which Once Had US Tallest BuildingPhiladelphia
42%
Basketball PositiionsPower Forward
36%
Basketball PositiionsShooting Guard
35%
Highest Grossing MoviesStar Wars
35%
Basketball PositiionsSmall Forward
32%
Space Shuttles That Flew in SpaceColumbia
30%
Largest Cities in CaliforniaFresno
29%
NSYNC MembersLance Bass
27%
Space Shuttles That Flew in SpaceDiscovery
26%
NSYNC MembersJoey Fatone
24%
Highest Grossing MoviesGone with the Wind
21%
The Jackson FiveMarlon
21%
Current Legacy Air LinesAlaska Airlines
20%
Space Shuttles That Flew in SpaceAtlantis
17%
The Jackson FiveJackie
17%
Space Shuttles That Flew in SpaceEndeavour
13%
NSYNC MembersJC Chasez
13%
NSYNC MembersChris Kirkpatrick
10%
Highest Grossing MoviesE.T. the Extra-Terrestrial
10%
Current Legacy Air LinesHawaiian Airlines
9%
Biggest Cities in the Bay AreaFremont
6%
Biggest Cities in the Bay AreaSanta Rosa
4%
Cities Which Once Had US Tallest BuildingMilwaukee
2%
Highest Grossing MoviesThe Sound of Music
1%

Score Distribution

Percentile by Number Answered

Percent of People with Each Score

Your Score History

You have not taken this quiz since the last reset